000
00333 a2200109 4500
001
ART_47952
005
20260410161631.0
008
260409a
245
1
0
_a
Reanudación del ajuste por inflación de los estados contables
100
1
_a
Torres, Carlos Federico
773
0
_t
Enfoques
_g
- N°11 (nov. 2018)
_w
REV416
999
_c
12422
_d
12422